[Event "Salamanca Unamuno Cup"]
[Site "Salamanca"]
[Date "2021.12.03"]
[Round "1"]
[White "Vargas, Diana Paola"]
[Black "Gago Padreny, Ignacio"]
[Result "0-1"]
[WhiteElo "1638"]
[BlackElo "2241"]
[PlyCount "39"]
[EventDate "2021.12.03"]
[EventType "swiss"]
[EventRounds "9"]
[EventCountry "ESP"]
[SourceTitle "EXT 2023"]
[Source "ChessBase"]
[SourceDate "2022.10.05"]
[SourceVersion "1"]
[SourceVersionDate "2022.10.05"]
[SourceQuality "1"]

1. e4 c6 2. d4 d5 3. e5 c5 4. c3 Nc6 5. Nf3 Bg4 6. Nbd2 e6 7. Be2 cxd4 8. Nxd4 Bxe2 9. Qxe2 Nge7 10. 0-0 Ng6 11. f4 Bc5 12. N2b3 Bb6 13. Be3 Nge7 14. Rad1 Rc8 15. Kh1 h5 16. Rf3 Bxd4 17. Nxd4 Nxd4 18. Bxd4 Qa5 19. a3 Qa4 20. Qf2 0-1

[Event "COL-chT rapid (Women)"]
[Site "Cartagena"]
[Date "2019.11.29"]
[Round "7.3"]
[White "Vargas, Diana Paola"]
[Black "Gomez Saenz, Manuela"]
[Result "0-1"]
[WhiteElo "1661"]
[BlackElo "1617"]
[PlyCount "128"]
[EventDate "2019.11.29"]
[EventType "team-swiss"]
[EventRounds "7"]
[EventCountry "COL"]
[SourceTitle "CBM 193 Extra"]
[Source "ChessBase"]
[SourceDate "2020.01.31"]
[SourceVersion "1"]
[SourceVersionDate "2020.01.31"]
[SourceQuality "1"]
[WhiteTeam "Bogota (W)"]
[BlackTeam "Caldas (W)"]
[WhiteTeamCountry "COL"]
[BlackTeamCountry "COL"]

1. e4 c5 2. Nf3 d6 3. d4 cxd4 4. Nxd4 Nf6 5. Nc3 a6 6. Bg5 e6 7. f4 Be7 8. Qf3 Nc6 9. 0-0-0 0-0 10. Nb3 Qc7 11. g4 b5 12. Bg2 Bb7 13. Rhe1 Rac8 14. e5 Ne8 15. Bxe7 Qxe7 16. Qh3 dxe5 17. Be4 g6 18. fxe5 Qc7 19. Qg2 Qxe5 20. Bxc6 Qg5+ 21. Kb1 Bxc6 22. Qg3 Nf6 23. h3 b4 24. Re5 Nh5 25. Qh2 Qf4 26. Qxf4 Nxf4 27. Ne4 Nxh3 28. Rh1 Bxe4 29. Rxe4 Nf2 30. Rhe1 Nxe4 31. Rxe4 Rc6 32. Rxb4 Rd8 33. Kc1 Rcd6 34. c3 f5 35. gxf5 exf5 36. Nd4 f4 37. Kd1 Re8 38. Kc2 g5 39. Nf5 Re2+ 40. Kb3 Rdd2 41. Ka3 f3 42. Nd4 f2 43. Rb8+ Kf7 44. Rb7+ Kg6 45. Rb6+ Kh5 46. Rf6 Re1 47. Nb3 Rxb2 48. Kxb2 f1Q 49. Rxf1 Rxf1 50. c4 g4 51. Nd2 Rf7 52. Ne4 Rg7 53. Ng3+ Kg5 54. Kc3 Rd7 55. c5 h5 56. Ne4+ Kf5 57. Ng3+ Kg5 58. Kc4 Kh4 59. Nf5+ Kh3 60. c6 Rc7 61. Kc5 g3 62. Nxg3 Kxg3 63. Kb6 Rxc6+ 64. Kxc6 h4 0-1

[Event "COL-chD"]
[Site "Bogota"]
[Date "2019.08.31"]
[Round "6"]
[White "Acero Vargas, Cristian Camilo"]
[Black "Vargas, Diana Paola"]
[Result "1-0"]
[WhiteElo "1576"]
[BlackElo "1665"]
[PlyCount "53"]
[EventDate "2019.08.28"]
[EventType "swiss"]
[EventRounds "7"]
[EventCountry "COL"]
[SourceTitle "EXT 2020"]
[Source "ChessBase"]
[SourceDate "2019.10.17"]
[SourceVersion "1"]
[SourceVersionDate "2019.10.17"]
[SourceQuality "1"]

1. d4 Nf6 2. Bf4 g6 3. Nc3 Bg7 4. Qd2 d5 5. Bh6 Bxh6 6. Qxh6 Bf5 7. Nf3 Nc6 8. a3 Bxc2 9. e3 e6 10. Bb5 Ke7 11. 0-0 a6 12. Bxc6 bxc6 13. Rac1 Bb3 14. Ne5 Qe8 15. Ne2 Ba4 16. b3 Bb5 17. Rc2 Bxe2 18. Rxe2 Ne4 19. Rc2 c5 20. f3 Nd6 21. Rxc5 Nf5 22. Qf4 Kf8 23. g4 g5 24. Qxg5 Rg8 25. Qf4 Rb8 26. Kh1 Ne7 27. Rxc7 1-0

[Event "COL pre olympic sf2"]
[Site "Palmira"]
[Date "2019.05.31"]
[Round "4"]
[White "Rosales Nazate, Claudia Sofia"]
[Black "Vargas, Diana Paola"]
[Result "0-1"]
[WhiteElo "1501"]
[BlackElo "1697"]
[PlyCount "74"]
[EventDate "2019.05.29"]
[EventType "swiss"]
[EventRounds "10"]
[EventCountry "COL"]
[SourceTitle "CBM 190 Extra"]
[Source "ChessBase"]
[SourceDate "2019.07.15"]
[SourceVersion "1"]
[SourceVersionDate "2019.07.15"]
[SourceQuality "1"]

1. e4 c5 2. Nf3 e6 3. d4 cxd4 4. Nxd4 Nc6 5. Nc3 Qc7 6. Be3 a6 7. Bd3 Nf6 8. 0-0 Bb4 9. Qd2 b5 10. Rfe1 Ne5 11. h3 Bb7 12. Bf4 Bxc3 13. bxc3 0-0 14. Bxe5 Qxe5 15. Nf3 Qc5 16. e5 Nd5 17. Be4 Rac8 18. Qg5 h6 19. Qh5 Nf4 20. Qg4 Bxe4 21. Rxe4 Qxc3 22. Rae1 Ng6 23. R1e2 Rc4 24. Rxc4 bxc4 25. Qd4 Qxd4 26. Nxd4 Rb8 27. c3 f6 28. exf6 gxf6 29. g3 Kf7 30. Rd2 Rb1+ 31. Kg2 Ne5 32. Ne2 Nd3 33. Nf4 Ne1+ 34. Kf1 Nf3+ 35. Ke2 Nxd2 36. Kxd2 Rb2+ 37. Ke3 Rxa2 0-1

[Event "COL-chT Interligas (Women)"]
[Site "Palmira"]
[Date "2019.04.28"]
[Round "4.3"]
[White "Viveros Torres, Erica Johana"]
[Black "Vargas, Diana Paola"]
[Result "1-0"]
[WhiteElo "1965"]
[BlackElo "1697"]
[PlyCount "41"]
[EventDate "2019.04.27"]
[EventType "team-swiss"]
[EventRounds "6"]
[EventCountry "COL"]
[SourceTitle "CBM 190 Extra"]
[Source "ChessBase"]
[SourceDate "2019.07.15"]
[SourceVersion "1"]
[SourceVersionDate "2019.07.15"]
[SourceQuality "1"]
[WhiteTeam "Valle (W)"]
[BlackTeam "Bogota (W)"]
[WhiteTeamCountry "COL"]
[BlackTeamCountry "COL"]

1. e4 c5 2. Nf3 e6 3. d4 cxd4 4. Nxd4 Nc6 5. c4 Nf6 6. Nc3 Bb4 7. Nxc6 bxc6 8. e5 Ne4 9. Qd3 Qa5 10. a3 Bxc3+ 11. bxc3 Qxe5 12. Qd4 Qxd4 13. cxd4 Ba6 14. Bf4 g5 15. Be3 f6 16. Rb1 Kf7 17. h4 Rab8 18. Bd3 Rxb1+ 19. Bxb1 Nc3 20. Bd3 h6 21. Kd2 1-0

[Event "COL-chT Interligas (Women)"]
[Site "Palmira"]
[Date "2019.04.27"]
[Round "2.3"]
[White "Guerra Verano, Diana"]
[Black "Vargas, Diana Paola"]
[Result "1/2-1/2"]
[WhiteElo "1592"]
[BlackElo "1697"]
[PlyCount "48"]
[EventDate "2019.04.27"]
[EventType "team-swiss"]
[EventRounds "6"]
[EventCountry "COL"]
[SourceTitle "CBM 190 Extra"]
[Source "ChessBase"]
[SourceDate "2019.07.15"]
[SourceVersion "1"]
[SourceVersionDate "2019.07.15"]
[SourceQuality "1"]
[WhiteTeam "Santander (W)"]
[BlackTeam "Bogota (W)"]
[WhiteTeamCountry "COL"]
[BlackTeamCountry "COL"]

1. e4 c5 2. c3 d5 3. exd5 Nf6 4. c4 b5 5. cxb5 Nxd5 6. Nc3 e6 7. Nf3 Bd6 8. d4 0-0 9. Be2 Bb7 10. 0-0 Qc7 11. Ne4 Nd7 12. Nxd6 Qxd6 13. dxc5 Nxc5 14. Be3 Qe7 15. Bxc5 Qxc5 16. Rc1 Qe7 17. Ne5 Qg5 18. Nc6 Rad8 19. Qa4 Nf4 20. Bf3 Nh3+ 21. Kh1 Nxf2+ 22. Kg1 Nh3+ 23. Kh1 Nf2+ 24. Kg1 Nh3+ 1/2-1/2

[Event "COL-ch sf"]
[Site "Medellin"]
[Date "2018.03.17"]
[Round "7"]
[White "Vargas, Diana Paola"]
[Black "Florez Caceres, Rafael Omar"]
[Result "1/2-1/2"]
[WhiteElo "1720"]
[BlackElo "1443"]
[PlyCount "78"]
[EventDate "2018.03.14"]
[EventType "swiss"]
[EventRounds "10"]
[EventCountry "COL"]
[SourceTitle "CBM 183 Extra"]
[Source "ChessBase"]
[SourceDate "2018.04.19"]
[SourceVersion "1"]
[SourceVersionDate "2018.04.19"]
[SourceQuality "1"]

1. d4 Nf6 2. Nc3 g6 3. Bg5 Bg7 4. Qd3 d6 5. e4 Nbd7 6. Nf3 0-0 7. 0-0-0 c6 8. h3 b5 9. e5 Ne8 10. Qe3 dxe5 11. Nxe5 Nxe5 12. dxe5 Qb6 13. Bxe7 Qxe3+ 14. fxe3 Bxe5 15. Bxf8 Kxf8 16. g4 a5 17. Bg2 Ra6 18. Rd8 Be6 19. Kb1 Ke7 20. Rhd1 Nd6 21. Rb8 Nc4 22. Rb7+ Kf8 23. Rd8+ Kg7 24. Re8 Kh6 25. Ne4 Bd5 26. Nc5 Bxg2 27. Nxa6 Bxb2 28. Rxf7 a4 29. h4 a3 30. Rf2 Bf3 31. Rc8 Bxg4 32. Rxc6 Nxe3 33. Nb4 Nd1 34. Rf4 Kh5 35. Nd3 Nc3+ 36. Rxc3 Bxc3 37. Rf7 h6 38. Nf4+ Kxh4 39. Nxg6+ Kg5 1/2-1/2

[Event "COL-ch sf"]
[Site "Medellin"]
[Date "2018.03.16"]
[Round "5"]
[White "Vargas, Diana Paola"]
[Black "Cardoso Cardoso, Jaidy Marcela"]
[Result "0-1"]
[WhiteElo "1720"]
[BlackElo "1847"]
[PlyCount "44"]
[EventDate "2018.03.14"]
[EventType "swiss"]
[EventRounds "10"]
[EventCountry "COL"]
[SourceTitle "CBM 183 Extra"]
[Source "ChessBase"]
[SourceDate "2018.04.19"]
[SourceVersion "1"]
[SourceVersionDate "2018.04.19"]
[SourceQuality "1"]

1. e4 c5 2. Nf3 Nc6 3. d4 cxd4 4. Nxd4 g6 5. Nc3 Bg7 6. Be3 Nf6 7. Bc4 0-0 8. Bb3 a5 9. f3 d6 10. Qd2 Bd7 11. h4 Nxd4 12. Bxd4 a4 13. Bc4 Qa5 14. Nd5 Nxd5 15. Bxg7 Kxg7 16. exd5 Rfc8 17. b3 Bf5 18. b4 Qc7 19. Qd4+ Kg8 20. Bd3 Bxd3 21. Qxd3 Qxc2 22. Qxc2 Rxc2 0-1

[Event "COL-ch sf"]
[Site "Medellin"]
[Date "2018.03.15"]
[Round "2"]
[White "Dominguez Rincon, Miller Duvan"]
[Black "Vargas, Diana Paola"]
[Result "1-0"]
[WhiteElo "2070"]
[BlackElo "1720"]
[PlyCount "69"]
[EventDate "2018.03.14"]
[EventType "swiss"]
[EventRounds "10"]
[EventCountry "COL"]
[SourceTitle "CBM 183 Extra"]
[Source "ChessBase"]
[SourceDate "2018.04.19"]
[SourceVersion "1"]
[SourceVersionDate "2018.04.19"]
[SourceQuality "1"]

1. e4 c5 2. Nf3 e6 3. d4 cxd4 4. Nxd4 Nc6 5. Nc3 Qc7 6. Ndb5 Qb8 7. Be3 a6 8. Bb6 axb5 9. Nxb5 Bb4+ 10. c3 Ba5 11. Nc7+ Qxc7 12. Bxc7 Bxc7 13. Be2 Nf6 14. Qc2 0-0 15. 0-0 b6 16. f4 e5 17. f5 d5 18. exd5 Ne7 19. c4 Bxf5 20. Rxf5 Nxf5 21. Qxf5 Bd6 22. g4 Bc5+ 23. Kg2 Bd4 24. g5 Ne8 25. Qc2 Nd6 26. a3 f5 27. Rd1 Be3 28. Qc3 Bxg5 29. Qxe5 Rae8 30. Qxd6 Rxe2+ 31. Kf1 Rfe8 32. Qg3 Bf6 33. d6 R8e3 34. d7 Bd8 35. Qb8 1-0

[Event "Bogota Samana Santa op 4th"]
[Site "Bogota"]
[Date "2016.05.08"]
[Round "4"]
[White "Vargas, Diana Paola"]
[Black "Guerrero, Hernando"]
[Result "1-0"]
[WhiteElo "1721"]
[BlackElo "1888"]
[PlyCount "43"]
[EventDate "2016.05.06"]
[EventType "swiss"]
[EventRounds "7"]
[EventCountry "COL"]
[SourceTitle "EXT 2017"]
[Source "ChessBase"]
[SourceDate "2016.10.25"]
[SourceVersion "1"]
[SourceVersionDate "2016.10.25"]
[SourceQuality "1"]

1. d4 Nf6 2. Nc3 e6 3. Bg5 h6 4. Bh4 Bb4 5. Qd3 Qe7 6. Bxf6 Qxf6 7. e4 d6 8. Nf3 0-0 9. e5 dxe5 10. dxe5 Qe7 11. Rd1 Nc6 12. Qe4 Qc5 13. Bd3 Bxc3+ 14. bxc3 Qxc3+ 15. Ke2 g6 16. h4 f5 17. exf6 Rxf6 18. h5 e5 19. hxg6 Nd4+ 20. Nxd4 exd4 21. Qe8+ Kg7 22. Qe7+ 1-0

[Event "Manizales Castro Memorial"]
[Site "Manizales"]
[Date "2015.12.20"]
[Round "7"]
[White "Lopez Perdomo, Juan David"]
[Black "Vargas, Diana Paola"]
[Result "1/2-1/2"]
[WhiteElo "1969"]
[BlackElo "1730"]
[PlyCount "22"]
[EventDate "2015.12.17"]
[EventType "swiss"]
[EventRounds "7"]
[EventCountry "COL"]
[SourceTitle "CBM 170 Extra"]
[Source "ChessBase"]
[SourceDate "2016.02.25"]
[SourceVersion "1"]
[SourceVersionDate "2016.02.25"]
[SourceQuality "1"]

1. d4 Nf6 2. c4 g6 3. Nc3 Bg7 4. g3 0-0 5. Bg2 d6 6. e4 e5 7. d5 Nbd7 8. Bg5 h6 9. Be3 Nh7 10. Qd2 h5 11. Nge2 a6 1/2-1/2

[Event "Manizales Castro Memorial"]
[Site "Manizales"]
[Date "2015.12.19"]
[Round "4"]
[White "Jaramillo, Carlos Orlando"]
[Black "Vargas, Diana Paola"]
[Result "1-0"]
[WhiteElo "1901"]
[BlackElo "1730"]
[PlyCount "103"]
[EventDate "2015.12.17"]
[EventType "swiss"]
[EventRounds "7"]
[EventCountry "COL"]
[SourceTitle "CBM 170 Extra"]
[Source "ChessBase"]
[SourceDate "2016.02.25"]
[SourceVersion "1"]
[SourceVersionDate "2016.02.25"]
[SourceQuality "1"]

1. b4 e5 2. a3 d5 3. Bb2 Nd7 4. e3 Ngf6 5. c4 c6 6. Nf3 Bd6 7. d4 e4 8. Nfd2 0-0 9. Nc3 a6 10. Be2 b5 11. c5 Bc7 12. a4 Bb7 13. 0-0 Ne8 14. f4 f5 15. axb5 axb5 16. Rxa8 Qxa8 17. Qb3 Qb8 18. g3 g5 19. Nxb5 gxf4 20. Nxc7 f3 21. Bxf3 Nxc7 22. Bg2 Ba6 23. Rf2 Qe8 24. Qd1 Qg6 25. Bf1 Bxf1 26. Qxf1 Rb8 27. Rxf5 Rxb4 28. Bc3 Rb8 29. Kg2 Ne6 30. h4 h6 31. Rf2 Ng7 32. Ba5 Ra8 33. Bc7 Ra3 34. Qe2 Nf5 35. Bf4 Nxh4+ 36. Kh3 Nf5 37. Nf1 Nf6 38. Be5 Nd7 39. g4 Ne7 40. Bd6 Qg5 41. Bf4 Qg7 42. Ng3 Ng6 43. Nf5 Nxf4+ 44. Rxf4 Qg5 45. Qf2 Nf8 46. Qg3 Ne6 47. Rf2 Rb3 48. Qe5 Rxe3+ 49. Kh2 Rf3 50. Qxe6+ Kh7 51. Rxf3 exf3 52. Qe7+ 1-0

[Event "Bogota IRT Sabana op 3rd"]
[Site "Bogota"]
[Date "2014.04.27"]
[Round "4.5"]
[White "Guerrero, Hernando"]
[Black "Vargas, Diana Paola"]
[Result "1/2-1/2"]
[WhiteElo "1833"]
[BlackElo "1742"]
[PlyCount "75"]
[EventDate "2014.04.26"]
[EventType "swiss"]
[EventRounds "9"]
[EventCountry "COL"]
[SourceTitle "EXT 2024"]
[Source "ChessBase"]
[SourceDate "2023.10.10"]
[SourceVersion "1"]
[SourceVersionDate "2023.10.10"]
[SourceQuality "1"]

1. e4 c5 2. Nf3 Nc6 3. d4 cxd4 4. Nxd4 e5 5. Nb5 a6 6. Nd6+ Bxd6 7. Qxd6 Qf6 8. Qd3 Nge7 9. Be3 Qg6 10. Nd2 d5 11. f3 d4 12. Bf2 Be6 13. a3 0-0 14. g4 Rac8 15. h4 h5 16. g5 Na5 17. Rg1 Nc4 18. Nxc4 Bxc4 19. Qd2 Bxf1 20. Rxf1 Qc6 21. Rc1 Ng6 22. Bg3 Rfd8 23. Kf2 Qb6 24. Qb4 Qxb4 25. axb4 Rc4 26. c3 dxc3 27. bxc3 Rd3 28. Rfd1 Rxd1 29. Rxd1 Rxc3 30. Rd8+ Kh7 31. Rd7 b5 32. Rxf7 Rb3 33. Ra7 Rxb4 34. Rxa6 Rb2+ 35. Ke3 Rb3+ 36. Ke2 Rb2+ 37. Kf1 Rb3 38. Ke2 1/2-1/2

[Event "Bogota IRT Classic op"]
[Site "Bogota"]
[Date "2014.04.04"]
[Round "5.1"]
[White "Rodriguez, William Nicolas"]
[Black "Vargas, Diana Paola"]
[Result "1-0"]
[WhiteElo "1808"]
[BlackElo "1742"]
[PlyCount "63"]
[EventDate "2014.04.04"]
[EventType "tourn"]
[EventRounds "7"]
[EventCountry "COL"]
[SourceTitle "EXT 2024"]
[Source "ChessBase"]
[SourceDate "2023.10.10"]
[SourceVersion "1"]
[SourceVersionDate "2023.10.10"]
[SourceQuality "1"]

1. e4 c5 2. Nf3 Nc6 3. d3 d6 4. Nbd2 g6 5. g3 Bg7 6. Bg2 e5 7. 0-0 Nge7 8. Re1 0-0 9. h4 Bg4 10. c3 b5 11. Nf1 b4 12. Bg5 h6 13. Be3 Rb8 14. N1h2 Be6 15. Qd2 Kh7 16. d4 bxc3 17. bxc3 cxd4 18. cxd4 d5 19. exd5 Bxd5 20. Nxe5 Bxg2 21. Kxg2 Nxe5 22. dxe5 Bxe5 23. Qxd8 Rfxd8 24. Bxa7 Rb5 25. Rac1 Nf5 26. a4 Rb2 27. Rxe5 Rd7 28. Ng4 Kg7 29. Bc5 Ra2 30. Re4 Rb7 31. Re8 Kh7 32. Bf8 1-0

[Event "Bogota IRT Classic op"]
[Site "Bogota"]
[Date "2014.04.04"]
[Round "6.1"]
[White "Vargas, Diana Paola"]
[Black "Nieto, Guillermo Luigui"]
[Result "0-1"]
[WhiteElo "1742"]
[BlackElo "2001"]
[PlyCount "82"]
[EventDate "2014.04.04"]
[EventType "tourn"]
[EventRounds "7"]
[EventCountry "COL"]
[SourceTitle "EXT 2024"]
[Source "ChessBase"]
[SourceDate "2023.10.10"]
[SourceVersion "1"]
[SourceVersionDate "2023.10.10"]
[SourceQuality "1"]

1. d4 Nf6 2. Nc3 d5 3. Bg5 c5 4. e3 Nc6 5. Nf3 Bg4 6. Be2 e6 7. 0-0 Be7 8. a3 0-0 9. dxc5 Bxc5 10. b4 Be7 11. Nd4 Bxe2 12. Qxe2 Nxd4 13. exd4 Rc8 14. Na4 Ne4 15. Bxe7 Qxe7 16. Qd3 Qc7 17. f3 Nd6 18. Rfc1 b6 19. Nb2 Qc3 20. Nd1 Qxd3 21. cxd3 Nf5 22. Nf2 Nxd4 23. Rcb1 Rc2 24. Kf1 Rfc8 25. Ng4 h5 26. Ne3 R2c3 27. Rd1 Nb3 28. Ra2 b5 29. Kf2 d4 30. Nf1 Rc2+ 31. Rxc2 Rxc2+ 32. Kg1 Nc1 33. Ng3 Ne2+ 34. Nxe2 Rxe2 35. Rc1 Rd2 36. Rc8+ Kh7 37. Rc5 Rxd3 38. Rxh5+ Kg6 39. Rxb5 Rxa3 40. h4 Ra2 41. g4 d3 0-1

[Event "Bogota IRT Seniors op"]
[Site "Bogota"]
[Date "2014.01.18"]
[Round "7.3"]
[White "Vargas, Diana Paola"]
[Black "Zabaleta Rodriguez, Fernando"]
[Result "0-1"]
[WhiteElo "1791"]
[BlackElo "1835"]
[PlyCount "68"]
[EventDate "2014.01.10"]
[EventType "tourn"]
[EventRounds "10"]
[EventCountry "COL"]
[SourceTitle "EXT 2024"]
[Source "ChessBase"]
[SourceDate "2023.10.10"]
[SourceVersion "1"]
[SourceVersionDate "2023.10.10"]
[SourceQuality "1"]

1. d4 Nf6 2. Nc3 d6 3. e4 g6 4. Bg5 Bg7 5. Qd2 c6 6. Nf3 Nbd7 7. e5 dxe5 8. dxe5 Ng4 9. e6 Nde5 10. Qxd8+ Kxd8 11. Nxe5 Bxe5 12. 0-0-0+ Kc7 13. exf7 Nxf2 14. Bxe7 Nxh1 15. Bd8+ Kb8 16. Be7 Nf2 17. Re1 Bf4+ 18. Kb1 Kc7 19. f8Q Rxf8 20. Bxf8 Bd7 21. Bc5 Ng4 22. h3 Ne5 23. Re4 Bh2 24. Rh4 b6 25. Bd4 Rf8 26. Be2 h5 27. Ne4 Bf5 28. g3 Nd7 29. Bd3 Bxe4 30. Rxe4 Bxg3 31. Re7 g5 32. Bg7 Rf2 33. Bh6 Kd6 34. Re3 Bf4 0-1

[Event "Bogota IRT Seniors op"]
[Site "Bogota"]
[Date "2014.01.11"]
[Round "2.3"]
[White "Zabaleta Rodriguez, Fernando"]
[Black "Vargas, Diana Paola"]
[Result "1-0"]
[WhiteElo "1835"]
[BlackElo "1791"]
[PlyCount "41"]
[EventDate "2014.01.10"]
[EventType "tourn"]
[EventRounds "10"]
[EventCountry "COL"]
[SourceTitle "EXT 2024"]
[Source "ChessBase"]
[SourceDate "2023.10.10"]
[SourceVersion "1"]
[SourceVersionDate "2023.10.10"]
[SourceQuality "1"]

1. d4 Nf6 2. c4 g6 3. Nc3 Bg7 4. e4 d6 5. Nf3 0-0 6. Be2 Nbd7 7. 0-0 e5 8. dxe5 Nxe5 9. Nxe5 dxe5 10. Qc2 Ng4 11. h3 Nh6 12. Be3 f5 13. Bc5 Re8 14. Rad1 Qg5 15. Nd5 f4 16. Bf3 Bxh3 17. Qb3 Bf8 18. Bxf8 Rxf8 19. Nxc7 Bxg2 20. Ne6 Bxf3+ 21. Nxg5 1-0